|
|
|
|
| LEADER |
00000nab a2200000 a 4500 |
| 001 |
vtls000865946 |
| 003 |
SK-MaSNL |
| 005 |
20260304171942.0 |
| 008 |
140303c2004 xo 0 slo |
| 015 |
|
|
|a SNBRB2004/03-08375
|
| 035 |
|
|
|a CLN000217498
|
| 040 |
|
|
|a SNKBUCL
|b slo
|c SNKBUCL
|e AACR2
|
| 041 |
0 |
|
|a slo
|
| 044 |
|
|
|a xo
|c SK
|
| 080 |
|
|
|a 616.89-079:616.8
|2 1997
|
| 080 |
|
|
|a 616.8:616.89-079
|2 1997
|
| 100 |
1 |
|
|a Mažgútová, Alena,
|d 1955-
|4 aut
|9 197665
|
| 245 |
1 |
0 |
|a Psychiatrické konzílium u neurologického pacienta
|c Alena Mažgútová
|
| 300 |
|
|
|b Obr.
|
| 650 |
0 |
7 |
|a poruchy neurologické
|x vyšetrenie konziliárne psychiatrické
|2 snkbucl
|9 1500995
|
| 650 |
0 |
7 |
|a vyšetrenia konziliárne
|2 MESH
|9 1428242
|
| 650 |
0 |
7 |
|a vyšetrenie konziliárne psychiatrické
|x pacient neurologický
|2 snkbucl
|9 1500996
|
| 650 |
0 |
7 |
|a psychiatria
|2 MESH
|9 2571
|
| 650 |
0 |
7 |
|a neurológia
|2 MESH
|9 908
|
| 655 |
|
7 |
|a články z novín a časopisov
|2 snkbucl
|9 267496
|
| 773 |
0 |
|
|t [Príl.] Lekárske listy
|g Č. 3 (2004), s. 38-39
|x 1335-4477
|
| 773 |
0 |
|
|t Zdravotnícke noviny
|g Roč. 9, č. 3 (2004)
|x 1335-4477
|
| 850 |
|
|
|a Slovenská národná knižnica v Martine
|
| 852 |
|
|
|a SNK
|b KIS3GCP
|
| 958 |
|
|
|a MI
|
| 992 |
|
|
|a RBX
|
| 999 |
|
|
|c 2995683
|d 2997613
|